[Event "SG Turm Raesfeld/Erle 1 - TV Borken 1"]
[Site "Regionalliga, Gr. 2 2022/2023"]
[Date "2023.02.25"]
[Round "5.6"]
[White "Broemmel, Rudolf"]
[Black "Klueppel, Ralf"]
[Result "1/2-1/2"]
[WhiteElo "1926"]
[BlackElo "1767"]
[PlyCount "46"]
[EventDate "2023.??.??"]
[SourceTitle "Verband Muensterland"]
[SourceDate "2022.09.15"]
[SourceVersion "1"]
[SourceVersionDate "2022.09.15"]
[SourceQuality "1"]
[WhiteTeam "Raesfeld Erle"]
[BlackTeam "Borken"]
[WhiteTeamCountry "GER"]
[BlackTeamCountry "GER"]

1. d4 d5 2. Bg5 g6 3. Nf3 Bg7 4. e3 Nf6 5. c4 O-O 6. Nc3 Ne4 7. cxd5 Nxg5 8.
Nxg5 e6 9. Nh3 exd5 10. Nf4 c6 11. Be2 Nd7 12. O-O Re8 13. b4 Nf8 14. Na4 Ne6
15. Nxe6 Bxe6 16. Nc5 Qe7 17. Qb3 Bf5 18. Rfe1 h5 19. Rac1 Bh6 20. Kf1 Qc7 21.
Kg1 Qe7 22. Kf1 Rab8 23. Bd3 Bg4 1/2-1/2

[Event "SG Turm Raesfeld/Erle 1 - TV Borken 1"]
[Site "Regionalliga, Gr. 2 2022/2023"]
[Date "2023.02.25"]
[Round "5.7"]
[White "Suehling, Rasmus Gabriel"]
[Black "Bergemann, Martin"]
[Result "1/2-1/2"]
[WhiteElo "1600"]
[BlackElo "1906"]
[PlyCount "75"]
[EventDate "2023.??.??"]
[SourceTitle "Verband Muensterland"]
[SourceDate "2022.09.15"]
[SourceVersion "1"]
[SourceVersionDate "2022.09.15"]
[SourceQuality "1"]
[WhiteTeam "Borken"]
[BlackTeam "Raesfeld Erle"]
[WhiteTeamCountry "GER"]
[BlackTeamCountry "GER"]

1. e4 c5 2. Nf3 a6 3. c3 d5 4. e5 Bg4 5. d4 Bxf3 6. Qxf3 Nc6 7. Be3 e6 8. b3
cxd4 9. Bxd4 Nge7 10. Bd3 Qc7 11. Qe3 Ng6 12. f4 Nxd4 13. cxd4 Bb4+ 14. Ke2 O-O
15. Rc1 Qb6 16. a3 Be7 17. Nd2 Rfc8 18. b4 a5 19. b5 Rxc1 20. Rxc1 Bxa3 21. Rc2
Be7 22. g4 Qd8 23. Nf3 Rc8 24. Rc1 Rxc1 25. Qxc1 Bb4 26. f5 Nf8 27. h4 a4 28.
h5 f6 29. g5 exf5 30. gxf6 gxf6 31. Bxf5 Qe8 32. Qh6 Qe7 33. Kf2 Qg7 34. Qf4 h6
35. exf6 Qxf6 36. Qg4+ Qg7 37. Be6+ Nxe6 38. Qxe6+ 1/2-1/2

[Event "SG Turm Raesfeld/Erle 1 - TV Borken 1"]
[Site "Regionalliga, Gr. 2 2022/2023"]
[Date "2023.02.25"]
[Round "5.8"]
[White "Spyrou, Elias"]
[Black "Ridder, Hans Peter"]
[Result "1/2-1/2"]
[WhiteElo "1725"]
[BlackElo "1508"]
[PlyCount "62"]
[EventDate "2023.??.??"]
[SourceTitle "Verband Muensterland"]
[SourceDate "2022.09.15"]
[SourceVersion "1"]
[SourceVersionDate "2022.09.15"]
[SourceQuality "1"]
[WhiteTeam "Raesfeld Erle"]
[BlackTeam "Borken"]
[WhiteTeamCountry "GER"]
[BlackTeamCountry "GER"]

1. e4 e6 2. d4 d5 3. e5 c5 4. c3 Qb6 5. Nf3 Bd7 6. Be2 Bb5 7. O-O Bxe2 8. Qxe2
Nc6 9. Rd1 cxd4 10. cxd4 Nge7 11. b3 Ng6 12. Bb2 Rc8 13. Nc3 Bb4 14. Rac1 O-O
15. g3 a6 16. Na4 Qa5 17. a3 Be7 18. Bc3 Qb5 19. Qxb5 axb5 20. Nb6 Rcd8 21. b4
f6 22. Re1 fxe5 23. Nxe5 Ngxe5 24. dxe5 Rf3 25. Re3 Rxe3 26. fxe3 Rf8 27. Bd4
Rf3 28. Kg2 Nxd4 29. exd4 Rxa3 30. Rc8+ Kf7 31. Rc7 Ke8 1/2-1/2